| 000 | 00954nam a2200313Ia 4500 | ||
|---|---|---|---|
| 001 | Para_9310 | ||
| 003 | CHAP | ||
| 008 | 220125s2007 xx 000 0 und d | ||
| 010 | _a206662 | ||
| 020 | _a968-7462-44-2 \ 978-968-7462-44-8 | ||
| 040 | _cCHAP | ||
| 082 | _aPA 632.4 V5 | ||
| 100 | 1 |
_aVillanueva Verduzco, Clemente _9119524 |
|
| 245 |
_aEl huitlacoche y su cultivo / _c por Clemente Villanueva Verduzco, Efraín Sánchez Ramírez, Evert Villanueva Sánchez |
||
| 260 |
_aMéxico, D.F. : _b Mundiprensa |
||
| 300 | _a96 p. | ||
| 503 | _aC/e (ej.1) | ||
| 650 |
_aCuitlacoche _930196 |
||
| 650 |
_aMaíz _x enfermedades por hongos _970941 |
||
| 700 |
_aSánchez Ramírez, Efraín _9107779 |
||
| 700 |
_aVillanueva Sánchez, Evert _9119519 |
||
| 901 | _aPA 632.4 V5 | ||
| 902 | _aM | ||
| 905 | _a5230202007 a 7000000000 06 | ||
| 910 | _a2007 | ||
| 942 | _cPARA | ||
| 942 |
_cPARA _d1 |
||
| 999 |
_c206662 _d206662 |
||